01041 2200193 4500245005900000020002200059250001100081100001300092700002000105650002500125650001700150005001900167260003900186041001400225084000800239300002600247500056500273336000900838 aSemangat Kepahlawanan dalam KesehariancM. RezkyhText a978-602-7500-06-8 aCet. 1 aM. Rezky aRizky Handayani aBiografi Ali Sejarah aKepahlawanan a20230927071525 aJakartabCiptamedia Binanusac2012 aIndonesia a928 avi, 82 hlm. :c25 cm. aSemangat heroik para pahlawan menjadi patokan nilai bagi generasi sekarang dan masa mendatang dalam mengisi kemerdekaan. Perjuangan melepaskan diri dari belenggu penjajahan merupakan perjuangan yang sangat berat, namun perjuangan mengisi kemerdekaan lebih berat lagi. Tantangan yang dihadapi generasi saat ini lebih kompleks dengan musuh yang tidak lagi kasat mata seperti penjajah pada masa kemerdekaan dulu. Buku ini berisi tentang Siapa yang Disebut Pahlawan?; Jiwa Pahlawan; Pahlawan-Pahlawan di Indonesia; dan Semangat Kepahkawanan dalam Konteks Kekinian. atext